Getting finance in Asia / (Record no. 276655)
[ view plain ]
| 000 -LEADER | |
|---|---|
| fixed length control field | 00378nam a2200133 a 4500 |
| 005 - DATE AND TIME OF LATEST TRANSACTION | |
| control field | 20141022142009.0 |
| 008 - FIXED-LENGTH DATA ELEMENTS--GENERAL INFORMATION | |
| fixed length control field | 120229s19uu xx 00 eng d |
| 050 ## - LIBRARY OF CONGRESS CALL NUMBER | |
| Classification number | CD-ROM |
| Item number | S712 2010 |
| 100 ## - MAIN ENTRY--PERSONAL NAME | |
| Personal name | Sophastienphong, Kiatchai |
| 245 ## - TITLE STATEMENT | |
| Title | Getting finance in Asia / |
| Statement of responsibility, etc | Kiatchai Sophastienphong, Anoma Kulathunga. |
| 260 ## - PUBLICATION, DISTRIBUTION, ETC. (IMPRINT) | |
| Date of publication, distribution, etc | 2010. |
| 700 ## - ADDED ENTRY--PERSONAL NAME | |
| Personal name | Kulathunga, Anoma |
| 942 ## - ADDED ENTRY ELEMENTS (KOHA) | |
| Koha item type | Audio Visual Materials |
| Withdrawn status | Lost status | Damaged status | Home library | Current library | Shelving location | Date acquired | Total Checkouts | Full call number | Barcode | Date last seen | Price effective from | Koha item type |
|---|---|---|---|---|---|---|---|---|---|---|---|---|
| College Library | College Library | Audio Visual Material Section | 02/29/2012 | CD-ROM S712 2010 | EDUC0004 | 04/12/2014 | 04/12/2014 | Audio Visual Materials |